000 00811aam a2200313 4500
005 20250822113410.0
008 150701b2003 xxu||||| |||| 00| 0 spa d
020 _a8497332199
041 _aESP
082 _a362.88 P839v
100 _aPortabella, Alejandra
_926954
245 _aViolencia domestica: algo más que un problema privado
260 _aEspaña
260 _bFAPA
260 _c2003
300 _a223 páginas
490 _aInvestigación Criminal
650 _aVIOLENCIA DOMÉSTICA
650 _aMALOS TRATOS
650 _aMUJERES AGREDIDAS
650 _aACOSO
650 _aMALTRATO INFANTIL
650 _aMALTRATO DE ANCIANOS
650 _aPSICÓPATAS
650 _aAGRESORES
650 _aCONFLICTOS SOCIALES
650 _aMALTRATO PSICOLOGICO
942 _cBK
_2ddc
999 _c1534
_d1534